000
00287nam a2200121Ia 4500
008
190216s9999||||xx |||||||||||||| ||und||
100
_a
Ferrar W L
245
0
_a
Differential Calculus
260
_b
Oxford University Press
_c
1960
300
_a
294p
650
_a
Mathematics
942
_c
BK
999
_c
30440
_d
30440